[Event "Charleville Mezieres op 11th"]
[Site "Charleville Mezieres"]
[Date "2014.??.??"]
[Round "1"]
[White "Pierquin, Adrien"]
[Black "Le Deuff, Frederic"]
[Result "0-1"]
[WhiteElo "1401"]
[BlackElo "1760"]
[PlyCount "60"]
[EventDate "2014.12.26"]
[EventType "swiss"]
[EventRounds "7"]
[EventCountry "FRA"]
[SourceTitle "CBM 164 Extra"]
[Source "ChessBase"]
[SourceDate "2015.03.02"]
[SourceVersion "1"]
[SourceVersionDate "2015.03.02"]
[SourceQuality "1"]

1. c4 Nf6 2. d4 e5 3. dxe5 Ne4 4. e3 Nc6 5. Nf3 Bb4+ 6. Bd2 Qe7 7. Qc2 Nc5 8. Be2 0-0 9. 0-0 Bxd2 10. Nbxd2 f6 11. exf6 Qxf6 12. b3 Nb4 13. Qb1 d6 14. Ne4 Nxe4 15. Qxe4 Rb8 16. c5 dxc5 17. Qc4+ Kh8 18. Qxc5 Nc6 19. Bc4 b6 20. Qg5 Be6 21. Qxf6 Rxf6 22. Bxe6 Rxe6 23. Rac1 h6 24. Nd4 Nxd4 25. exd4 Rc8 26. Rfd1 Rd6 27. h3 Rd7 28. g4 Rcd8 29. Kg2 c5 30. dxc5 Rxd1 0-1

[Event "Charleville Mezieres op 11th"]
[Site "Charleville Mezieres"]
[Date "2014.??.??"]
[Round "3"]
[White "Recloux, Georges"]
[Black "Pierquin, Adrien"]
[Result "0-1"]
[WhiteElo "1534"]
[BlackElo "1401"]
[PlyCount "92"]
[EventDate "2014.12.26"]
[EventType "swiss"]
[EventRounds "7"]
[EventCountry "FRA"]
[SourceTitle "CBM 164 Extra"]
[Source "ChessBase"]
[SourceDate "2015.03.02"]
[SourceVersion "1"]
[SourceVersionDate "2015.03.02"]
[SourceQuality "1"]

1. e4 c6 2. d4 d5 3. exd5 cxd5 4. c4 Nf6 5. Nc3 Bf5 6. cxd5 Nxd5 7. Qb3 Nxc3 8. bxc3 Be4 9. f3 Bc6 10. Ba3 g6 11. Bc4 e6 12. Bxf8 Rxf8 13. Ne2 Qh4+ 14. Ng3 Qf4 15. 0-0 h5 16. Bb5 b6 17. Rfe1 Bxb5 18. Qxb5+ Nd7 19. Rad1 Rc8 20. Qb3 h4 21. Re4 Qh6 22. Nf1 g5 23. h3 Rg8 24. Ne3 Kf8 25. Qa3+ Ke8 26. Nf5 Qf8 27. Nd6+ Kd8 28. Nb7+ Ke8 29. Qb4 Qxb4 30. cxb4 Ke7 31. d5 e5 32. a4 Rb8 33. a5 Rxb7 34. a6 Rbb8 35. Rc4 Rgc8 36. Rdc1 Rxc4 37. Rxc4 Kd6 38. b5 Nc5 39. Rc2 Kxd5 40. Kf2 Kd4 41. g4 Rc8 42. Ke2 Kd5 43. Ke3 Ke6 44. Ke2 Rd8 45. Rc3 Rd4 46. Ke3 Rb4 0-1

[Event "Charleville Mezieres op 11th"]
[Site "Charleville Mezieres"]
[Date "2014.??.??"]
[Round "2"]
[White "Regnier, Cedric"]
[Black "Pierquin, Adrien"]
[Result "1-0"]
[WhiteElo "1596"]
[BlackElo "1401"]
[PlyCount "67"]
[EventDate "2014.12.26"]
[EventType "swiss"]
[EventRounds "7"]
[EventCountry "FRA"]
[SourceTitle "CBM 164 Extra"]
[Source "ChessBase"]
[SourceDate "2015.03.02"]
[SourceVersion "1"]
[SourceVersionDate "2015.03.02"]
[SourceQuality "1"]

1. d4 Nf6 2. Nf3 e6 3. e3 b6 4. Bd3 c5 5. b3 d5 6. Bb2 Bd6 7. Nbd2 0-0 8. 0-0 Qc7 9. Ne5 Nbd7 10. f4 cxd4 11. exd4 Ne8 12. Qh5 g6 13. Qh3 Ng7 14. Rac1 f6 15. Nxg6 Rd8 16. Nh4 Bxf4 17. Nhf3 f5 18. c4 Qb8 19. Qh4 Bb7 20. g3 Bxd2 21. Nxd2 Qd6 22. Nf3 dxc4 23. Bxc4 Bxf3 24. Rxf3 Kh8 25. Qh6 Nf8 26. Re1 e5 27. Qxd6 Rxd6 28. Rxe5 Ng6 29. Re1 Ne6 30. d5+ Kg8 31. Rxe6 Rdd8 32. Rxf5 Nf8 33. Re7 Rd7 34. d6+ 1-0